LEADER 01244nam0 22002891i 450 001 UON00492058 005 20231205105336.467 010 $a37-7051-487-4 100 $a20190131d1977 |0itac50 ba 101 $ager 102 $aDE 105 $a|||| ||||| 200 1 $aAlteritat und Modernitat der mittelalterlichen Literatur$egesammelte Aufsatze 1956-1976$fHans Robert Jauss 210 $aMunchen$cW. Fink$dc1977 215 $a450 p., [1] carta ripiegata$d24 cm. 316 $aDono Prof. Alberto Varvaro.$5IT-UONSI F. Varvaro0223 606 $aLetteratura medioevale$xStudi$3UONC094693$2FI 620 $aDE$dMünchen$3UONL003025 676 $a809.0902$cStoria, descrizione, studio critico di più d'una letteratura. Medioevo.$v21 700 1$aJauss$bHans Robert$3UONV116100$00 712 $aFink$3UONV259526$4650 801 $aIT$bSOL$c20250613$gRICA 899 $aSIBA - SISTEMA BIBLIOTECARIO DI ATENEO$2UONSI 912 $aUON00492058 950 $aSIBA - SISTEMA BIBLIOTECARIO DI ATENEO$dSI F. Varvaro0223 $eSI 27432 7 Dono Prof. Alberto Varvaro. 996 $aAlteritat und Modernitat der mittelalterlichen Literatur$91543009 997 $aUNIOR LEADER 01470nam0 22003011i 450 001 UON00073389 005 20231205102359.606 100 $a20020107g19691974 |0itac50 ba 101 $afre 102 $aFR 105 $a|||| ||||| 200 1 $aˆLe ‰thème de l'arbre dans les contes africaines$fGeneviève Calame-Griaule 210 $aParis$cSELAF$d1969-1974 215 $a3 v.$d25 cm 316 $aOpera in tre volumi: 029/1; 029/2; 029/3 - stesso inventario$5IT-UONSI A AfrLETTF b/029* 410 1$1001UON00065929$12001 $aBibliothéque de la SELAF$fSociete d'etudes linguistiques et anthropologiques de France$v16;20;42-3 606 $aLetteratura africana francofona$xCamerun$3UONC022171$2FI 620 $aFR$dParis$3UONL002984 686 $aCAM840.9$cLETTERATURA AFRICANA FRANCOFONA - Camerun$2A 700 1$aCALAME-GRIAULE$bGeneviève$3UONV042766$0381717 712 $aSelaf$3UONV247766$4650 801 $aIT$bSOL$c20251205$gRICA 899 $aSIBA - SISTEMA BIBLIOTECARIO DI ATENEO E ARCHIVIO STORICO$2UONSI 912 $aUON00073389 950 $aSIBA - SISTEMA BIBLIOTECARIO DI ATENEO E ARCHIVIO STORICO$dSI LETT F b 029* $eSI AA 5905 5 029* Opera in tre volumi: 029/1; 029/2; 029/3 - stesso inventario 966 $aLETTERATURA CAMERUNESE$yLetteratura africana francofona - Camerun$3UONC022172 996 $aThème de l'arbre dans les contes africaines$91165694 997 $aUNIOR